Tilastot visalle Euroopan lippuja

Klikkaa tästä pelataksesi tätä visaa!

Yleistilastot

  • Tätä visaa on pelattu 382 kertaa
    (376 viimeisimmän päivityksen jälkeen)
  • Keskiarvotulos 34 / 47

Vastaustilastot

Vastaus% Oikein
Venäjä
97%
Turkki
92%
Norja
89%
Slovakia
89%
Espanja
87%
Saksa
86%
Suomi
83%
Islanti
82%
Itävalta
82%
Kreikka
82%
Makedonia
82%
Ruotsi
82%
Vatikaani
82%
Viro
82%
Isobritannia
81%
Kypros
81%
Sveitsi
81%
Tanska
81%
Belgia
80%
Tsekki
80%
Italia
77%
Ranska
76%
Bosnia
74%
Puola
74%
Liettua
73%
Ukraina
73%
Valkovenäjä
73%
Portugali
72%
Latvia
71%
Irlanti
69%
Kroatia
68%
Malta
68%
Unkari
68%
Alankomaat
66%
Albania
66%
Romania
66%
Bulgaria
65%
Luxemburg
60%
Slovenia
60%
Monaco
58%
San marino
57%
Serbia
57%
Kosovo
55%
Montenegro
55%
Liechtenstein
53%
Andorra
52%
Moldova
48%

Tulosjakauma

Persentiili vastausten määrän mukaan

Jokaisen tuloksen saaneiden osuus

Tuloshistoriasi

Et ole pelannut tätä visaa sen viimeisimmän päivityksen jälkeen